<?xml version="1.0" encoding="UTF-8"?>
<record
    xmlns:xsi="http://www.w3.org/2001/XMLSchema-instance"
    xsi:schemaLocation="http://www.loc.gov/MARC21/slim http://www.loc.gov/standards/marcxml/schema/MARC21slim.xsd"
    xmlns="http://www.loc.gov/MARC21/slim">

  <leader>00915nab a2200253 i 4500</leader>
  <controlfield tag="001">180771</controlfield>
  <controlfield tag="003">ES-MaACL</controlfield>
  <controlfield tag="005">20250827063231.0</controlfield>
  <controlfield tag="008">120711s1913    sp            000 0 spa d</controlfield>
  <datafield tag="080" ind1=" " ind2=" ">
    <subfield code="a">930.85(82)</subfield>
  </datafield>
  <datafield tag="100" ind1="1" ind2=" ">
    <subfield code="a">M&#xE9;ndez Calzada, Luis,</subfield>
    <subfield code="d">1888-1945</subfield>
    <subfield code="e">aut</subfield>
    <subfield code="9">80144</subfield>
  </datafield>
  <datafield tag="245" ind1="1" ind2="3">
    <subfield code="a">La cultura en la Rep&#xFA;blica Argentina / </subfield>
    <subfield code="c">por Luis M&#xE9;ndez Calzada</subfield>
  </datafield>
  <datafield tag="300" ind1=" " ind2=" ">
    <subfield code="a">P&#xE1;ginas 19-38</subfield>
  </datafield>
  <datafield tag="594" ind1=" " ind2=" ">
    <subfield code="a">Precede al t&#xED;tulo: Conferencias del Ateneo de Madrid, 1913</subfield>
  </datafield>
  <datafield tag="599" ind1=" " ind2=" ">
    <subfield code="a">Retrato del autor en portada</subfield>
  </datafield>
  <datafield tag="610" ind1="2" ind2="4">
    <subfield code="a">Ateneo de Madrid-</subfield>
    <subfield code="v">Conferencias-</subfield>
    <subfield code="y">1900-1939</subfield>
    <subfield code="9">1907</subfield>
  </datafield>
  <datafield tag="651" ind1=" " ind2="7">
    <subfield code="a">Argentina-</subfield>
    <subfield code="x">Civilizaci&#xF3;n</subfield>
    <subfield code="9">147957</subfield>
  </datafield>
  <datafield tag="651" ind1=" " ind2="4">
    <subfield code="a">Argentina- </subfield>
    <subfield code="x">Cultura</subfield>
    <subfield code="9">242077</subfield>
  </datafield>
  <datafield tag="655" ind1=" " ind2="0">
    <subfield code="a">Conferencias</subfield>
    <subfield code="9">234444</subfield>
  </datafield>
  <datafield tag="773" ind1="0" ind2=" ">
    <subfield code="t">La Palabra : revista taquigr&#xE1;fica, </subfield>
    <subfield code="x">ISSN 2479-7723</subfield>
    <subfield code="g">N. 6 (15 marzo 1913), p. 19-38</subfield>
    <subfield code="0">2879</subfield>
    <subfield code="w">2879</subfield>
    <subfield code="9">2987</subfield>
  </datafield>
  <datafield tag="942" ind1=" " ind2=" ">
    <subfield code="c">ANAB</subfield>
    <subfield code="2">udc</subfield>
    <subfield code="n">0</subfield>
  </datafield>
  <datafield tag="999" ind1=" " ind2=" ">
    <subfield code="c">180771</subfield>
    <subfield code="d">180771</subfield>
  </datafield>
</record>
